书目信息 |
| 题名: |
交通管理与控制
|
|
| 作者: | 吴兵 编著 | |
| 分册: | ||
| 出版信息: | 人民交通 2005.09 |
|
| 页数: | 270页 | |
| 开本: | 28cm | |
| 丛书名: | ||
| 单 册: | ||
| 中图分类: | U491 | |
| 科图分类: | ||
| 主题词: | 交通工程--技术管理 , 公路运输--技术管理 | |
| 电子资源: | ||
| ISBN: | 978-7-114-05716-8 | |
| 000 | 00669nam0 2200253 45 | |
| 001 | 0959431619 | |
| 005 | 20091015163308.23 | |
| 010 | @a978-7-114-05716-8@dCNY32.00 | |
| 100 | @a20090515d2005 ekmy0 y0120 ea | |
| 102 | @aCN@b130000 | |
| 102 | @aCN@b110000 | |
| 105 | @ay z 000yy | |
| 200 | 1 | @a交通管理与控制@f吴兵等编著@Fwu bing deng bian zhu |
| 205 | @a第三版 | |
| 210 | @c人民交通@d2005.09 | |
| 210 | @a北京@c人民交通出版社 | |
| 215 | @a270页@d28cm | |
| 606 | 0 | @a交通工程@x技术管理 |
| 606 | 0 | @a公路运输@x技术管理 |
| 690 | @aU491@v4 | |
| 701 | 0 | @a吴兵@Awu bing@4编著 |
| 801 | 0 | @aCN@c20091015 |
| 905 | @a10447@dU491@eW7423=3 | |
| 906 | @d32@n3@r1 | |
| 交通管理与控制/吴兵等编著.-第三版.-人民交通,2005.09.-北京:人民交通出版社 |
| 270页;28cm |
| ISBN 978-7-114-05716-8:CNY32.00 |
| ● |
| 相关链接 |
|
|
|
正题名:交通管理与控制
索取号:U491/W7423=3
 
预约/预借
| 序号 | 登录号 | 条形码 | 馆藏地/架位号 | 状态 | 备注 |
| 1 | 657100 | 206571002 | 自科库501/501自科库 58排1列2层/ [索取号:U491/W7423=3] | 在馆 | |
| 2 | 657101 | 206571011 | 自科库501/501自科库 58排1列2层/ [索取号:U491/W7423=3] | 在馆 | |
| 3 | 657102 | 206571020 | 自科库501/501自科库 58排1列2层/ [索取号:U491/W7423=3] | 在馆 |